Segítséget vár a versenyző
Elmentve itt :
| Dokumentumtípus: | Cikk |
|---|---|
| Megjelent: |
1972-04-27
|
| Sorozat: | Délmagyarország
62 No. 98 |
| Kulcsszavak: | Varró András, vetélkedők, ki mit tud-ok |
| Online Access: | http://dmarchiv.bibl.u-szeged.hu/101328 |
| LEADER | 00429nab a2200145 i 4500 | ||
|---|---|---|---|
| 001 | delm101328 | ||
| 005 | 20190320132957.0 | ||
| 008 | 190320s1972 hu o 0|| hun d | ||
| 040 | |a SZTE Délmagyarország Archívum |b hun | ||
| 041 | |a hun | ||
| 245 | 0 | 0 | |a Segítséget vár a versenyző |h [elektronikus dokumentum] |
| 260 | |c 1972-04-27 | ||
| 300 | |a 7 | ||
| 490 | 0 | |a Délmagyarország |v 62 No. 98 | |
| 695 | |a Varró András, vetélkedők, ki mit tud-ok | ||